Urologie (Record no. 157576)
[ view plain ]
| 000 -LEADER | |
|---|---|
| campo de control de longitud fija | 00673nam a22001695i 4500 |
| 001 - NÚMERO DE CONTROL | |
| campo de control | 157576 |
| 003 - IDENTIFICADOR DE NÚMERO DE CONTROL | |
| campo de control | ES-MaACL |
| 005 - FECHA Y HORA DE LA ÚLTIMA TRANSACCIÓN | |
| campo de control | 20230906210731.0 |
| 008 - DATOS DE LONGITUD FIJA--INFORMACIÓN GENERAL | |
| campo de control de longitud fija | 040831s1845 fr af |||| | fre d |
| 040 ## - FUENTE DE CATALOGACIÓN | |
| Centro catalogador/agencia de origen | CAM |
| Lengua de catalogación | spa |
| Centro/agencia transcriptor | CAM |
| 100 1# - ENTRADA PRINCIPAL--NOMBRE DE PERSONA | |
| Nombre de persona | Leroy-d'Etiolles, Jean-Jacques-Joseph. |
| 9 (RLIN) | 128899 |
| 245 10 - MENCIÓN DEL TÍTULO | |
| Título | Urologie |
| Resto del título | : les angusties ou rétrécissements de l'urètre et de leur traitement rationel / |
| Mención de responsabilidad, etc. | par Leroy-d'Étiolles. |
| 260 ## - PUBLICACIÓN, DISTRIBUCIÓN, ETC. | |
| Lugar de publicación, distribución, etc. | A Paris [et al.] : |
| Nombre del editor, distribuidor, etc. | chez J.-B. Baillière [et al.], |
| Fecha de publicación, distribución, etc. | 1845 ( |
| Fabricante | typ. Lacrampe et Comp.) |
| 300 ## - DESCRIPCIÓN FÍSICA | |
| Extensión | VIII, 488 p., [3] h. de lám. : |
| Otras características físicas | il. ; |
| Dimensiones | 23 cm. |
| 650 04 - PUNTO DE ACCESO ADICIONAL DE MATERIA--TÉRMINO DE MATERIA | |
| Término de materia o nombre geográfico como elemento de entrada | Urología- |
| Subdivisión general | Terapeútica. |
| 9 (RLIN) | 136967 |
| 852 ## - LOCALIZACIÓN | |
| Ubicación | ES-MaACL |
| Número de control de estantería | G-15797 |
| Nota libre | -- Rúst. |
| Estatus retirado | Estado de pérdida | Estado de daño | No para préstamo | Colección | Biblioteca de origen | Biblioteca actual | Ubicación en estantería | Fecha de adquisición | Fuente de adquisición | Total de préstamos | Signatura topográfica completa | Código de barras | Visto por última vez | Precio de reemplazo | Tipo de ítem Koha |
|---|---|---|---|---|---|---|---|---|---|---|---|---|---|---|---|
| Libros del s. XIX | Biblioteca del Ateneo de Madrid | Biblioteca del Ateneo de Madrid | Sala Pecera Planta 3 | 17/01/2008 | G-15797 | 1164897 | 23/02/2023 | 23/02/2023 | Libro impreso antiguo |
